|
|
|
|
| LEADER |
00000nam a2200000 a 4500 |
| 001 |
vtls001408986 |
| 003 |
SK-MaSNL |
| 005 |
20260302035025.0 |
| 008 |
240226s2000 xo a r slo |
| 015 |
|
|
|a SNBA2001/06-01914
|
| 020 |
|
|
|a 8006010099
|
| 035 |
|
|
|a SNK000363665
|
| 035 |
|
|
|a urn:nbn:sk:snk-amyhce
|
| 035 |
|
|
|a urn:nbn:sk:snk-am00clgf
|
| 035 |
|
|
|a 1B9952DD-44F0-4657-AEF3-B0A31C323E37
|
| 040 |
|
|
|a SNK
|b slo
|c SNK
|e AACR2
|
| 041 |
0 |
|
|a slo
|
| 044 |
|
|
|a xo
|c SK
|
| 080 |
|
|
|a 931:903(031)
|2 1981
|
| 080 |
|
|
|a 903(031)
|2 1981
|
| 080 |
|
|
|a 030.1
|2 1981
|
| 130 |
1 |
0 |
|a Le Grand atlas des civilisations disparues
|l Slovensky
|9 687360
|
| 245 |
0 |
|
|a Veľký atlas stratených civilizácií ; [preložili Mária Kováčová, Bohumila Ferenčuhová]
|
| 260 |
|
|
|a Bratislava
|b Mladé letá
|c c2000
|
| 300 |
|
|
|a 320 s.
|b fareb. fotogr.
|c 30 cm
|
| 500 |
|
|
|a Údaj o prekl. prevzatý z rubu tit. strany
|
| 650 |
0 |
7 |
|a civilizácie staroveké
|x encyklopédie
|2 SNK
|9 297251
|
| 650 |
0 |
7 |
|a encyklopédie
|x civilizácie staroveké
|2 SNK
|9 297252
|
| 655 |
|
7 |
|a encyklopédie
|2 SNK
|9 28776
|
| 700 |
1 |
|
|a Kováčová, Mária
|4 trl
|9 303400
|
| 700 |
1 |
|
|a Ferenčuhová, Bohumila,
|d 1947-
|4 trl
|9 102823
|
| 730 |
|
|
|t Le Grand atlas des civilisations disparues
|9 297254
|
| 919 |
|
|
|a 80-06-01009-9
|
| 968 |
|
|
|b FR
|c IT
|
| 999 |
|
|
|c 1068913
|d 1070843
|
| 952 |
|
|
|a SNK
|b SNK
|y NEVYP
|7 0
|p 17A0201708
|0 0
|1 0
|4 0
|d 2000-11-17
|l 0
|r 2005-01-02 00:00:00
|w 2026-02-24
|
| 952 |
|
|
|t P60, <03>, [BOOK], {603}
|a SNK
|b SNK
|y PREZ
|7 0
|p 17A0292594
|o snkSB 63118
|i snkKSP 3580/2001
|0 0
|1 0
|4 0
|d 2001-03-08
|f 1
|l 0
|r 2025-04-15 00:00:00
|w 2026-02-24
|
| 952 |
|
|
|t , [BOOK], {604}
|a SNK
|b SNK
|y VYP
|7 0
|p 17A0292595
|o snkSB 63118 D1
|i snkKSP 3581/2001
|0 0
|1 0
|4 0
|d 2001-03-08
|l 0
|r 2005-01-02 00:00:00
|w 2026-02-24
|